| 000 | 00560nam a2200181 i 4500 | ||
|---|---|---|---|
| 001 | 35688 | ||
| 003 | ES-MaACL | ||
| 005 | 20230906155204.0 | ||
| 007 | t| | ||
| 008 | 030213s1952 sp ||||1| spa d | ||
| 100 | 1 |
_aBougaud, Luis Emilio. _930871 |
|
| 245 | 1 | 0 |
_aHistoria de Santa Mónica / _cpor Monseñor Bougaud ; versión castellana de Gerardo Villota. |
| 250 | _a8ª ed. | ||
| 260 |
_aMadrid : _bHijos de Gregorio del Amo, _c1952 ( _fFrama) |
||
| 300 |
_a427 p. ; _c17 cm. |
||
| 700 | 1 |
_aVillota, Gerardo. _9115279 |
|
| 852 |
_aES-MaACL _jD-8875 _bR.33948 |
||
| 999 |
_c35688 _d35688 |
||